| 000 | 00413pab a2200157 454500 | ||
|---|---|---|---|
| 008 | 180718b1997 xxu||||| |||| 00| 0 eng d | ||
| 100 | _aValluri, S.R. | ||
| 245 | _aIndustrial research and scientific workers | ||
| 260 | _c1997 | ||
| 300 | _ap.392-95 | ||
| 362 | _a22-28 Feb | ||
| 650 | _aIndustrial research | ||
| 650 | _aResearch and development | ||
| 773 | _aEconomic and Political Weekly | ||
| 909 | _a33310 | ||
| 999 |
_c33310 _d33310 |
||